| 000 | 00508 a2200181 4500 | ||
|---|---|---|---|
| 005 | 20260414105838.0 | ||
| 008 | 260413b |||||||| |||| 00| 0 eng d | ||
| 020 |
_a9789393330390 _cRs. 975.00 |
||
| 040 | _aMAIN | ||
| 082 |
_a005.133 _bG552P |
||
| 100 | _a Goel, Anita | ||
| 245 | _aPython programming: An object-oriented approach | ||
| 260 |
_bUniversity Press _c2025 _aHyderabad |
||
| 300 | _axxvi, 818 | ||
| 650 | _aComputer Science | ||
| 650 | _aPython- Computer Programming Language | ||
| 942 | _cBK | ||
| 999 |
_c397210 _d397210 |
||